000 03333cam a2200313 4500500
005 20251228065234.0
041 _afre
042 _adc
100 1 0 _aMolinier, Pascale
_eauthor
700 1 0 _aCepeda, Maria Fernanda
_eauthor
245 0 0 _a« Comme un chien à carreau »
260 _c2012.
500 _a31
520 _aRésuméEn Colombie, le recours à une employée domestique est banal dans toutes les classes sociales. Une loi de professionnalisation des employées fixant leurs droits existe depuis 1992. L’article présente les résultats d’une investigation réalisée en 2009 à Bogotá auprès d’un groupe de femmes chefs de famille qui ont exercé cette activité. Il s’agissait de savoir où passe, pour ces dernières, la ligne de partage entre service et servitude. Les principaux résultats concernent l’intrication psychologique des sphères familiale et professionnelle, en particulier l’articulation entre la persistance de la violence intradomestique et le désir d’être bien traité par les employeurs. Dans l’ordre des priorités psychologiques, être bien traité ( care) est plus important que faire respecter ses droits (justice).
520 _a“Like a checked dog”In Colombia, the hiring of a domestic employee is commonplace in every social class. Since 1992, a professionalising law for the employees that fixes their rights has been set. This paper accounts for the results of an enquiry made in 2009 in Bogotá among a group of head of household women who used to do that job. The aim was to get to know where, according to them, to draw the line between service and servitude. The main results show the psychological intricacy between the family and the professional spheres, more specifically the articulation between the persistence of intra-domestic violence and the wish to be well treated by the employer. The order of priority, from a psychological point of view, puts good treatment (care) before the respect of one’s rights (justice).
520 _aResumenEn Colombia, el recurso de una empleada doméstica es banal en todas las clases sociales y desde 1992 existe una ley de profesionalización que estipula sus derechos. Este artículo presenta los resultados de una investigación realizada en Bogotá en 2009, con un grupo de mujeres « cabezas de familia » que ejercieron esta actividad. La investigación analiza dónde se encuentra para aquellas la línea de separación entre servicio y servidumbre. Los principales resultados muestran la imbricación psicológica de los ámbitos laborales y familiares, en particular la relación entre la persistencia de la violencia intrafamiliar y el deseo de ser bien tratadas por los patrones. Así, en orden de prioridad psicológica, el buen trato (care) es más importante que hacer valer sus derechos (justicia).
690 _acare
690 _adomination rapprochée
690 _aemployées domestiques
690 _ajustice
690 _aviolence intradomestique
690 _acare
690 _aclose domination
690 _adomestic employees
690 _aintra-domestic violence
690 _ajustice
786 0 _nTravailler | 28 | 2 | 2012-11-01 | p. 33-55 | 1620-5340
856 4 1 _uhttps://shs.cairn.info/revue-travailler-2012-2-page-33?lang=fr&redirect-ssocas=7080
999 _c1591045
_d1591045